Statistiken für Lieblingseriengenres der deutschen Seriengucker

Klicken Sie hier um das Quiz zu spielen!

Allgemein

  • Dieses Quiz wurde 402 mal gespielt
  • Das Durchschnittsergebnis liegt bei 5 aus 10

Antwortstatistiken

Genre% Korrekt
Sitcom / Comedy
73%
Mystery / Horror
69%
Deutsche Krimiserien
68%
Internationale Krimiserien
68%
Drama
62%
Action / Abenteuer
55%
Fantasy
41%
Science-Fiction
36%
Soaps / Telenovelas
26%
Krankenhaus- od. Arztserien
14%

Verteilung der Resultate

Perzentil nach korrekt beantworteten Fragen

Anzahl Personen mit jedem Resultat

Ihre Resultats-Entwicklung

Sie haben dieses Quiz noch nicht gespielt